000 00291nam a22001337a 4500
008 181121b xxu||||| |||| 00| 0 eng d
020 _a9780321228185
041 _aeng
080 _23 th
_a510
100 _a39
101 _aMAT
245 _aBasic Mathematics
_cAkts.G
942 _2udc
_cBK
999 _c52288
_d52288